La señorita Ana

-д хадгалсан:
Номзүйн дэлгэрэнгүй
Үндсэн зохиолч: Maluenda Labarca, Rafael (autor)
Формат: Ном
Хэл сонгох:испани
Хэвлэсэн: Santiago Nascimento 1900
Цуврал:Biblioteca Arcadia
Нөхцлүүд:
Шошгууд: Шошго нэмэх
Шошго байхгүй, Энэхүү баримтыг шошголох эхний хүн болох!

MARC

LEADER 00000nam a2200000 a 4500
001 UCT2555
003 CL-VaPUC
008 961011e19000000CL |||||||||||||||||spa|d
082 0 4 |a Ch863  |b MAL  |2 21 
100 |a Maluenda Labarca, Rafael  |e autor  |9 571881 
245 1 3 |a La señorita Ana 
300 |a 175 p 
942 |c BK 
945 |d 19961011 00:00:00  |a rleighto 
260 |a Santiago  |b Nascimento  |c 1900 
650 0 |a Novelas chilenas   |9 265425 
583 |a last modification  |c 19961011 00:00:00  |k Rodrigo Vera 
490 0 |a Biblioteca Arcadia 
999 |c 252613  |d 252611 
952 |0 0  |1 0  |4 0  |6 CH_863_000000000000000_MAL_1900  |7 0  |8 A  |9 272550  |a BIBEDU  |b BIBEDU  |d 2019-11-19  |i 3239519  |o Ch863 MAL 1900  |p 3239519  |r 2019-11-19  |w 2019-11-19  |y BK  |k LIT